| 000 | 00347nam a2200145Ia 4500 | ||
|---|---|---|---|
| 100 | _aMalik/Surendra/ Malik/ Sumeet | ||
| 650 | _aGeneral | ||
| 942 | _cRB | ||
| 654 | _aeducational case | ||
| 245 | _aSupreme court Educational institutions | ||
| 260 |
_bEastern Book Co _c2007 |
||
| 082 |
_a344.08/MAL _bMAL |
||
| 300 | _a936 | ||
| 546 | _aENGLISH | ||
| 999 |
_c24008 _d24008 |
||